000 00285nam a22001217a 4500
008 181012b xxu||||| |||| 00| 0 eng d
041 _aeng
080 _a616
100 _a9
101 _aPAT
245 _aThe Architecture of normal and malfromed Hearts
_cSpitzer,A
942 _2udc
_cBK
999 _c49510
_d49510